| Tag |
First Indicator |
Second Indicator |
Subfields |
| LEADER |
00000cgm a2200000 i 4500 |
| 001 |
in00003885196 |
| 005 |
20190416171133.0 |
| 006 |
m|||||o||c|||||||| |
| 007 |
vz |za||| |
| 007 |
cr |za|||||||| |
| 008 |
160712s2014 ilu||| f |o v|eng|d |
| 020 |
|
|
|a 9781473986435 (streaming video) :
|c No price
|
| 035 |
|
|
|a (StDuBDS)EDZ0001518949
|
| 040 |
|
|
|a StDuBDS
|b eng
|e rda
|c StDuBDS
|e pn
|d UtOrBLW
|
| 041 |
0 |
|
|j eng
|
| 050 |
|
4 |
|a HF5415.32
|
| 082 |
0 |
4 |
|a 658.8343
|2 23
|
| 245 |
0 |
0 |
|a Macy's and digital and social media.
|
| 264 |
|
1 |
|a Chicago, IL :
|b American Marketing Association,
|c 2014.
|
| 300 |
|
|
|a 1 online resource (1 video file (4 min., 11 sec.)) :
|b sound, colour.
|
| 336 |
|
|
|a two-dimensional moving image
|b tdi
|2 rdacontent
|
| 337 |
|
|
|a computer
|b c
|2 rdamedia
|
| 338 |
|
|
|a online resource
|b cr
|2 rdacarrier
|
| 490 |
1 |
|
|a AMA-TV
|
| 511 |
0 |
|
|a Presenters, Randell Mauricio, Eva Kovacs.
|
| 520 |
8 |
|
|a In this episode, AMA TV covers amusement parks and job hunt networking. It begins by reviewing research Disneyland conducted when surveys suggested customers might be too happy, and concludes with tips on how to leverage the most out of your personal network connections.
|
| 521 |
|
|
|a Specialized.
|
| 546 |
|
|
|a Closed-captions in English.
|
| 588 |
|
|
|a Description based on online resource; title from home page (viewed on July 14, 2016).
|
| 650 |
|
0 |
|a Consumer satisfaction.
|0 http://id.loc.gov/authorities/subjects/sh85031490
|
| 650 |
|
0 |
|a Business networks.
|0 http://id.loc.gov/authorities/subjects/sh95008832
|
| 655 |
|
7 |
|a Nonfiction television programs.
|2 lcgft
|0 http://id.loc.gov/authorities/genreForms/gf2011026425
|
| 655 |
|
7 |
|a Internet videos.
|2 lcgft
|0 http://id.loc.gov/authorities/genreForms/gf2011026337
|
| 700 |
1 |
|
|a Mauricio, Randell,
|e on-screen presenter.
|
| 700 |
1 |
|
|a Kovács, Éva,
|e on-screen presenter.
|0 http://id.loc.gov/authorities/names/n83211120
|
| 710 |
2 |
|
|a Sage Publications.
|0 http://id.loc.gov/authorities/names/n82029394
|
| 830 |
|
0 |
|a AMA-TV.
|
| 856 |
4 |
0 |
|u http://proxy.library.tamu.edu/login?url=http://sk.sagepub.com/video/ama-tv-macys-and-digital-and-social-media
|z Connect to this streaming video
|t 0
|
| 999 |
f |
f |
|s 870fa1f2-f812-3eb2-aa2f-87c550cb8a23
|i bfaec1a9-8289-39bb-bbb5-3f739e4757f4
|t 0
|
| 952 |
f |
f |
|a Texas A&M University
|b College Station
|c Electronic Resources
|d Available Online
|t 0
|e HF5415.32
|h Library of Congress classification
|
| 998 |
f |
f |
|a HF5415.32
|t 0
|l Available Online
|